Movies Quiz

Random Movies Quiz

Movies at the Beach II Quiz Stats

Quiz Updated Oct 17, 2015

Challenge
Share
Tweet
Score 0/24 Timer 07:00
0 Plays Today
% Correct
The Hunger Games: Catching Fire
94.5%
Where the Wild Things Are
83.4%
Anchorman 2: The Legend Continues
81.2%
Splash
68.2%
Forgetting Sarah Marshall
65.2%
Sweeney Todd: The Demon Barber of Fleet Street
59.9%
Apocalypse Now
57.8%
Beaches
56.9%
The Beach
53.8%
Dr. No
51.9%
The Birdcage
50.8%
From Here to Eternity
46.5%
% Correct
Magic Mike
45.5%
Blue Crush
40.1%
Spring Breakers
39.3%
The Talented Mr. Ripley
37.9%
Revolutionary Road
36.2%
Mamma Mia!
35.9%
Atonement
31.6%
Barton Fink
28.7%
Moonrise Kingdom
26.3%
What Ever Happened to Baby Jane?
25.4%
The Craft
24.2%
City of God
20.4%

You're not logged in!

Compare scores with friends on all Sporcle quizzes.
Join for Free
OR
Log In

You Might Also Like...

Show Comments

Extras

Top Quizzes Today


Score Distribution

Your Account Isn't Verified!

In order to create a playlist on Sporcle, you need to verify the email address you used during registration. Go to your Sporcle Settings to finish the process.

Report this User

Report this user for behavior that violates our Community Guidelines.

Details: